| 000 | 00560nam a22002177a 4500 | ||
|---|---|---|---|
| 005 | 20260417115209.0 | ||
| 008 | 260417b |||||||| |||| 00| 0 eng d | ||
| 020 |
_a978-81-19679-21-8 _c300 |
||
| 040 | _aMAIN | ||
| 041 | _aeng | ||
| 082 |
_a821.7 _bNEO |
||
| 100 |
_aNeog, B. _qBiswajit |
||
| 245 | _aBritish Romantic Literature | ||
| 250 | _a1st Ed. | ||
| 260 |
_aJorhat _bBidya Bhawan _cJanuary 2025 |
||
| 300 |
_a285p. ; _c22 x 14 x cm |
||
| 505 | _aNEP 4th Sem Major / Minor | ||
| 650 | _aEnglish | ||
| 700 | _bKashyap, Kakoli | ||
| 942 |
_2ddc _cBK |
||
| 999 |
_c16355 _d16355 |
||